Central Library OPAC University of Rajshahi

دليل الناقد الأدبي ;; Dalīl al-nāqid al-adabī / (Record no. 78114)

MARC details
000 -LEADER
fixed length control field 01010cam a2200325 a 4500
001 - CONTROL NUMBER
control field 78114
003 - CONTROL NUMBER IDENTIFIER
rucl marc code BD-RjUL
005 - DATE AND TIME OF LATEST TRANSACTION
control field 20211209083106.0
008 - FIXED-LENGTH DATA ELEMENTS--GENERAL INFORMATION
fixed length control field 210322s1998 u b 000 0 ara
020 ## - INTERNATIONAL STANDARD BOOK NUMBER
International Standard Book Number 9772153556
035 ## - SYSTEM CONTROL NUMBER
System control number (BD-RjUL)78340
040 ## - CATALOGING SOURCE
Original cataloging agency DLC-R
Transcribing agency DLC-R
Modifying agency DLC
Language of cataloging eng
041 ## - LANGUAGE CODE
Language code of text/sound track or separate title eng
042 ## - AUTHENTICATION CODE
Authentication code lcode
066 ## - CHARACTER SETS PRESENT
Alternate G0 or G1 character set (3
082 ## - DEWEY DECIMAL CLASSIFICATION NUMBER
Edition number 23
Classification number 892.709
Author mark and year RAD 1998
100 1# - MAIN ENTRY--PERSONAL NAME
Personal name راغب, نبيل ;; raghib, nabil
9 (RLIN) 246419
245 10 - TITLE STATEMENT
Title دليل الناقد الأدبي ;; Dalīl al-nāqid al-adabī /
Statement of responsibility, etc. نبيل راغب ;; Nabil Ragheb
250 ## - EDITION STATEMENT
Edition statement al-Ṭabʻah 2.
260 ## - PUBLICATION, DISTRIBUTION, ETC. (IMPRINT)
Place of publication, distribution, etc. Qahira :
Name of publisher, distributor, etc. دار غريب ,
Date of publication, distribution, etc. 1998.
300 ## - PHYSICAL DESCRIPTION
Pagination 239 p. ;
Size 24 cm.
504 ## - BIBLIOGRAPHY, ETC. NOTE
Bibliography, etc Includes bibliographical references
650 #0 - SUBJECT ADDED ENTRY--TOPICAL TERM
Topical term or geographic name as entry element Literature
Form subdivision Terminology.
9 (RLIN) 246420
Form subdivision Arabic literature
9 (RLIN) 246421
Topical term or geographic name as entry element Literary form
Form subdivision Terminology.
9 (RLIN) 246422
Topical term or geographic name as entry element Arabic language
Form subdivision Terms and phrases.
9 (RLIN) 246423
942 ## - ADDED ENTRY ELEMENTS (KOHA)
Source of classification or shelving scheme Dewey Decimal Classification
Koha item type Books
Holdings
Lost status Source of classification or shelving scheme Damaged status Not for loan Collection code Permanent Location Current Location Shelving location Date acquired Source of acquisition Cost, normal purchase price Total Checkouts Full call number Date last seen Copy number Koha item type
  Dewey Decimal Classification   Not For Loan Non-fiction Central Library, University of Rajshahi Central Library, University of Rajshahi Reading Room 10/07/2008 Maktabatul Arabiah , Dhaka 450.00   A 892.709 RAD 1998 23/03/2021 C-1 Books
  Dewey Decimal Classification     Non-fiction Central Library, University of Rajshahi Central Library, University of Rajshahi   17/11/2009 Ahsania Mission 675.00   A 892.709 RAD 1998 14/11/2021 C-1 Books